00692nam a2200181 a 450000100100000000500170001000800410002704000250006808200210009310000340011424501420014825000110029026000370030130000210033804900090035995201250036899900170049300002533620200930023721.0110214s1966 ag r 000 0 spa d aDO-SdBNPbSPAcBNPHU aNNNbP312t, 19661 aPaton , Juan G.d1824-95188910aTreinta años entre los canibales :bapuntes sacado de la memorias autobiográficas /cJuan G. Paton traducidos por N. W. M. y L. M. B. a4a ed. a[Buenos Aires] :bVerdad,c1966. a138 p. ;c18 cm. aBNGR 001054708MOaGRbGRcCTd2011-02-14iLF1l0oNNN P312t, 1966p25336-10r2020-06-25w2020-06-25y4ZPréstamo en sala c24828d24828